000 00399nam a2200121Ia 4500
008 160609s9999 xx 000 0 und d
100 _aChronister, James.
245 _aBLENDER BASICS: CLASSROOM TUTORIAL BOOK
245 _cJAMES CHRONISTER
260 _c2011
650 _x3D MODELING
856 _uhttp://www.cdschools.org/cms/lib04/PA09000075/Centricity/Domain/81/BlenderBasics_4thEdition2011.pdf
999 _c295703
_d295703